Biggest Cities in Afghanistan - Statistics

General Stats
  • This quiz has been taken 253 times
    236 since last reset
  • The average score is 4 of 10
Answer Stats
Population City % Correct
4,273,200 Kabul
99%
506,800 Kandahar
79%
556,200 Herat
76%
469,200 Mazar-i-Sharif
52%
263,300 Jalalabad
48%
183,300 Kunduz
20%
87,200 Lashkar Gah
12%
120,800 Puli Khumri
9%
91,400 Sheberghan
4%
93,700 Maymana
2%
No matching quizzes found
Score Distribution
Percent of People with Each Score
Percentile by Number Answered
Your Score History
You have not taken this quiz since the last reset